Extracting points, lines, surfaces and models from point clouds (Record no. 74577)

MARC details
000 -LEADER
fixed length control field 00873cab a2200229 4500
001 - CONTROL NUMBER
control field ABS68343
008 - FIXED-LENGTH DATA ELEMENTS--GENERAL INFORMATION
fixed length control field 041020n2004 000 0 eng u
035 ## - SYSTEM CONTROL NUMBER
System control number (Sirsi) u127776
100 ## - MAIN ENTRY--PERSONAL NAME
Personal name Jacobs, G.
245 ## - TITLE STATEMENT
Title Extracting points, lines, surfaces and models from point clouds
260 ## - PUBLICATION, DISTRIBUTION, ETC.
Date of publication, distribution, etc. 2004
490 ## - SERIES STATEMENT
Series statement Professional Surveyor
Volume/sequential designation 24(9) September 2004, 45-50(6)
520 ## - SUMMARY, ETC.
Summary, etc. Discusses how to use high-definition surveying or 3D laser scanning. Point clouds are a rich source of geometric information from which traditional points, 2D and 3D lines, surfaces, volumes, features and models can be extracted using modern tools and working practices.
590 ## - LOCAL NOTE (RLIN)
Local note ABS
650 ## - SUBJECT ADDED ENTRY--TOPICAL TERM
Topical term or geographic name entry element 3D LASER SCANNERS
650 ## - SUBJECT ADDED ENTRY--TOPICAL TERM
Topical term or geographic name entry element 3D MAPPING
650 ## - SUBJECT ADDED ENTRY--TOPICAL TERM
Topical term or geographic name entry element 3D MODELLING
650 ## - SUBJECT ADDED ENTRY--TOPICAL TERM
Topical term or geographic name entry element GEOMETRIC INFORMATION
650 ## - SUBJECT ADDED ENTRY--TOPICAL TERM
Topical term or geographic name entry element POINT CLOUDS
690 ## - LOCAL SUBJECT ADDED ENTRY--TOPICAL TERM (OCLC, RLIN)
Topical term or geographic name as entry element Geomatics
9 (RLIN) 6242
942 ## - ADDED ENTRY ELEMENTS (KOHA)
Suppress in OPAC 0
Holdings
Withdrawn status Lost status Source of classification or shelving scheme Damaged status Not for loan Home library Current library Shelving location Date acquired Total Checkouts Full call number Barcode Date last seen Copy number Price effective from Koha item type
    Dewey Decimal Classification     London London Journal article 20/10/2004   ABS68343 127776-1001 06/08/2019 1 06/08/2019 Journal article